000 00357nam a2200145Ia 4500
008 230917s9999||||xx |||||||||||||| ||und||
040 _e196692
_aMAIN
041 _aEnglish
082 _a363.325 S64S
100 _aSinha, B N
245 0 _aState sponsored terrorism
260 _aNew Delhi
_bSumit Enterprises
_c2010
300 _av, 244 p.
942 _cBK
999 _c159935
_d159935